Datum a čas kvízu
32
Celkem bodů
Celkový počet nahraných bodů na tomto kvízu bez doplňovacích otázek.
3.
Pořadí na kvízu
Konečné umístění týmu na tomto kvízu.
Zaznamenané odpovědi
| # | Otázka | Odpověď | Body | Výsledky |
|---|---|---|---|---|
| 1. | Vláda ve středu večer slavnost... | začátek II. sv. války – 1938 místo 1939 | 1 | |
| 2. | Federální soud USA propustil n... | Ronalda Reagana | 1 | |
| 3. | Andrej Babiš navštívil festiva... | Mirai | 1 | |
| 4. | Společnost Apple následovala m... | Ulož.to | 0 | |
| 5. | Basketbalová NBA již zná svého... | Golden State Warriors | 0 | |
| 6. | V následujících pěti otázkách... | Vykoupení z věznice Shawshank; Tim Robbins a Morgan Freeman | 0.5 | |
| 7. | Francouzská komedie Drž hubu!... | Ruby, Quentin | 1 | |
| 8. | V roce 2013 byl natočen životo... | James Hunt, Niki Lauda | 0.5 | |
| 9. | Jak zní příjmení manželského p... | Márovi | 1 | |
| 10. | Jak se jmenují dva herečtí pře... | Jiří Macháček, Marek Taclík | 0.5 |